000 00798cam a2200253 a 4500
003 EG-GiCUC
008 080524s19xx fr a 001 0 fre d
040 _aEG-GiCUC
_bfre
_cEG-GiCUC
050 0 0 _aPQ1193
_bB6
092 0 4 _a841.0080354
_bB6846
_221
099 _a04
_a841.0080354 B6846
100 1 _aBoissy, Gabriel,
_d1879-1949
245 0 4 _aLes plus beaux poemes d'amour :
_baccompagnes d un commentaire anecdotique et critique /
_cGabriel Boissy, Dominique Folacci.
246 3 0 _aL'amour dans la poesie Francaise.
260 _aParis :
_bAmeric=Edit,
_cc[19xx].
300 _a266 p. :
_bill. ;
_c27 cm.
650 0 _aFrench poetry.
650 0 _aLove poetry, French.
700 1 _aFolacci, Dominique.
902 _a1
905 _aJamal
_eCat.
905 _aMona
_eRev
942 _2ddc
_cBK
999 _c106091
_d106091